000
00219 a2200109 4500
020
_a
9781416911845
041
_a
spa
100
_a
Ricci, Christine
245
_a
Aventuras magicas de dora
942
_c
BK
952
_7
1
999
_c
20542
_d
20542